[Event "Krasnograd Christmas op"]
[Site "Krasnograd"]
[Date "2018.01.17"]
[Round "4"]
[White "Bedia, Melor"]
[Black "Avanesov, Nikolay"]
[Result "1-0"]
[WhiteElo "2438"]
[BlackElo "2394"]
[PlyCount "107"]
[EventDate "2018.01.15"]
[EventType "swiss"]
[EventRounds "9"]
[EventCountry "UKR"]
[SourceTitle "CBM 182 Extra"]
[Source "ChessBase"]
[SourceDate "2018.02.23"]
[SourceVersion "1"]
[SourceVersionDate "2018.02.23"]
[SourceQuality "1"]

1. d4 d5 2. c4 c6 3. Nf3 Nf6 4. Nc3 g6 5. Bf4 Bg7 6. e3 0-0 7. h3 Nbd7 8. Be2 dxc4 9. Bxc4 Nb6 10. Bb3 Nbd5 11. Be5 Be6 12. 0-0 Nxc3 13. bxc3 Bxb3 14. Qxb3 b6 15. c4 Qd7 16. a4 Rfc8 17. a5 b5 18. a6 Qe6 19. Rfc1 Nd7 20. Bxg7 Kxg7 21. Rab1 bxc4 22. Qxc4 Qxc4 23. Rxc4 Rab8 24. Rb7 Rxb7 25. axb7 Rb8 26. Rxc6 Rxb7 27. Ra6 e6 28. g4 Nb8 29. Ra3 a6 30. Ne5 Rb6 31. Kg2 Nc6 32. Nd7 Rb7 33. Nc5 Rb6 34. Nxa6 Rb5 35. Kf3 h5 36. Rc3 Ne7 37. Nc5 hxg4+ 38. hxg4 Nd5 39. Rc1 Nf6 40. g5 Nd5 41. Ra1 Rb2 42. Ra7 Kg8 43. Nd7 Rc2 44. e4 Ne7 45. Ra8+ Rc8 46. Rxc8+ Nxc8 47. Kf4 Ne7 48. Ke3 Kg7 49. Kd3 Kg8 50. Kc4 Kg7 51. Kc5 Kg8 52. d5 exd5 53. exd5 Nf5 54. d6 1-0

[Event "Gelendzhik op 14th"]
[Site "Gelendzhik"]
[Date "2017.06.03"]
[Round "7"]
[White "Bedia, Melor"]
[Black "Esipenko, Aleksandr"]
[Result "1-0"]
[WhiteElo "2439"]
[BlackElo "1854"]
[PlyCount "93"]
[EventDate "2017.05.28"]
[EventType "swiss"]
[EventRounds "9"]
[EventCountry "RUS"]
[SourceTitle "EXT 2018"]
[Source "ChessBase"]
[SourceDate "2017.10.13"]
[SourceVersion "1"]
[SourceVersionDate "2017.10.13"]
[SourceQuality "1"]

1. Nf3 d5 2. d4 Nf6 3. c4 e6 4. Nc3 Bd6 5. Bg5 Be7 6. e3 0-0 7. Qc2 b6 8. Rc1 Bb7 9. Bxf6 Bxf6 10. cxd5 exd5 11. Bd3 g6 12. 0-0 Bg7 13. b4 a6 14. Qb3 b5 15. a4 c6 16. e4 Nd7 17. axb5 dxe4 18. Bxe4 axb5 19. Nxb5 cxb5 20. Bxb7 Rb8 21. Bc6 Rb6 22. Rfd1 Nb8 23. d5 Qd6 24. Qe3 Ra6 25. Bxb5 Rb6 26. Rc5 Rd8 27. g3 Na6 28. Bxa6 Rxa6 29. b5 Ra5 30. Rdc1 Raa8 31. Rd1 Ra5 32. Kg2 Rb8 33. Ng5 Bh6 34. h4 Kg7 35. Qc3+ Kg8 36. Ne4 Qd8 37. Nf6+ Kh8 38. Nd7+ Bg7 39. Qxa5 Qxa5 40. Nxb8 Bf6 41. Nd7 Be7 42. d6 Bd8 43. Ne5 Kg7 44. Nc6 Qb6 45. Nxd8 Qxc5 46. Ne6+ fxe6 47. d7 1-0

[Event "Gelendzhik op 14th"]
[Site "Gelendzhik"]
[Date "2017.05.30"]
[Round "3"]
[White "Bedia, Melor"]
[Black "Rolgeizer, Genrikh"]
[Result "1/2-1/2"]
[WhiteElo "2439"]
[BlackElo "2103"]
[PlyCount "52"]
[EventDate "2017.05.28"]
[EventType "swiss"]
[EventRounds "9"]
[EventCountry "RUS"]
[SourceTitle "EXT 2018"]
[Source "ChessBase"]
[SourceDate "2017.10.13"]
[SourceVersion "1"]
[SourceVersionDate "2017.10.13"]
[SourceQuality "1"]

1. e4 e5 2. Nf3 Nc6 3. Bb5 a6 4. Ba4 Nf6 5. 0-0 Be7 6. Bxc6 dxc6 7. Nc3 Bg4 8. h3 Bh5 9. d3 Qd6 10. Qe2 c5 11. g4 Bg6 12. Nxe5 Qxe5 13. f4 Qd4+ 14. Be3 Qd7 15. f5 0-0-0 16. Kg2 Kb8 17. Qf2 h5 18. g5 Nh7 19. fxg6 fxg6 20. h4 Bd6 21. Qf3 Nf8 22. Qh3 Ne6 23. Rf2 Rhf8 24. Raf1 Rxf2+ 25. Rxf2 Be5 26. Qf3 Rf8 1/2-1/2

[Event "Gelendzhik op 13th"]
[Site "Gelendzhik"]
[Date "2017.01.06"]
[Round "3"]
[White "Esipenko, Aleksandr"]
[Black "Bedia, Melor"]
[Result "0-1"]
[WhiteElo "1857"]
[BlackElo "2431"]
[PlyCount "102"]
[EventDate "2017.01.04"]
[EventType "swiss"]
[EventRounds "9"]
[EventCountry "RUS"]
[SourceTitle "CBM 176 Extra"]
[Source "ChessBase"]
[SourceDate "2017.03.02"]
[SourceVersion "1"]
[SourceVersionDate "2017.03.02"]
[SourceQuality "1"]

1. d4 Nf6 2. Nf3 g6 3. Bf4 Bg7 4. e3 d6 5. h3 0-0 6. Be2 Nc6 7. 0-0 Nd7 8. Bh2 e5 9. c4 h6 10. Nc3 f5 11. d5 Ne7 12. b4 g5 13. Nd2 Ng6 14. Nb3 Nf6 15. c5 Rf7 16. Rc1 Bf8 17. Bh5 Rg7 18. cxd6 Bxd6 19. a3 a6 20. Na5 Nxh5 21. Qxh5 Kh7 22. Nc4 Bd7 23. f4 gxf4 24. exf4 exf4 25. Nxd6 cxd6 26. Bxf4 Qb6+ 27. Kh1 Nxf4 28. Rxf4 Qe3 29. Rff1 Rag8 30. Rg1 Rxg2 31. Rxg2 Qxc1+ 32. Nd1 Rxg2 33. Kxg2 Qd2+ 34. Kg1 Qg5+ 35. Qxg5 hxg5 36. Ne3 b5 37. Ng2 Kg6 38. Kf2 f4 39. h4 Bh3 40. Ne1 gxh4 41. Nf3 Kf5 42. Nxh4+ Ke4 43. Ng6 Bg4 44. Ne7 Kd4 45. Ng6 Ke4 46. Ne7 Bh5 47. Kg2 Bf7 48. Nc8 Bxd5 49. Kf2 Ke5 50. Ne7 Bb7 51. Ng6+ Kf5 0-1

[Event "Gelendzhik op 11th"]
[Site "Gelendzhik"]
[Date "2015.01.12"]
[Round "9"]
[White "Bedia, Melor"]
[Black "Peregudov, Mikhail"]
[Result "1-0"]
[WhiteElo "2428"]
[BlackElo "1844"]
[PlyCount "65"]
[EventDate "2015.01.04"]
[EventType "swiss"]
[EventRounds "9"]
[EventCountry "RUS"]
[SourceTitle "EXT 2017"]
[Source "ChessBase"]
[SourceDate "2016.10.25"]
[SourceVersion "1"]
[SourceVersionDate "2016.10.25"]
[SourceQuality "1"]

1. d4 e6 2. e4 d5 3. Nc3 Bb4 4. e5 c5 5. a3 Bxc3+ 6. bxc3 Ne7 7. Qg4 0-0 8. Bd3 f5 9. Qg3 Qe8 10. Nf3 Qg6 11. dxc5 Qxg3 12. hxg3 Nbc6 13. Be3 Bd7 14. Rb1 Na5 15. Nd2 Bc6 16. f4 g6 17. Kf2 Rfd8 18. Bd4 Rd7 19. Rb4 Rad8 20. Rbb1 h5 21. Rb4 Kf7 22. Nf3 Ng8 23. Ng5+ Ke7 24. g4 Nh6 25. gxh5 Ng4+ 26. Kg3 Rh8 27. Be2 Nc4 28. Bxg4 fxg4 29. h6 Nxa3 30. h7 Rc7 31. Rh6 Be8 32. f5 Bf7 33. fxg6 1-0

[Event "Gelendzhik op"]
[Site "Gelendzhik"]
[Date "2015.01.04"]
[Round "1"]
[White "Esipenko, Aleksandr"]
[Black "Bedia, Melor"]
[Result "0-1"]
[WhiteElo "1646"]
[BlackElo "2428"]
[PlyCount "56"]
[EventDate "2015.01.04"]
[EventType "swiss"]
[EventRounds "9"]
[EventCountry "RUS"]
[SourceTitle "CBM 164 Extra"]
[Source "ChessBase"]
[SourceDate "2015.03.02"]
[SourceVersion "1"]
[SourceVersionDate "2015.03.02"]
[SourceQuality "1"]

1. e4 e5 2. Nf3 Nc6 3. Bc4 Nf6 4. d3 h6 5. c3 d6 6. Nbd2 g6 7. 0-0 Bg7 8. Re1 0-0 9. Nf1 a6 10. Bb3 d5 11. Qe2 Be6 12. Ng3 Re8 13. Bd2 Qd7 14. Rad1 Rad8 15. Bc1 Qc8 16. Kh1 Re7 17. Be3 Kh7 18. Qf1 Bg4 19. Qe2 d4 20. cxd4 exd4 21. Bc1 Ne5 22. Kg1 Nh5 23. Nxh5 Bxh5 24. Bf4 Bxf3 25. gxf3 Qh3 26. Bg3 g5 27. Rd2 h5 28. f4 gxf4 0-1

[Event "Voronezh op-A 17th"]
[Site "Voronezh"]
[Date "2013.06.14"]
[Round "3"]
[White "Travkina, Anastasia"]
[Black "Bedia, Melor"]
[Result "1-0"]
[WhiteElo "2216"]
[BlackElo "2461"]
[PlyCount "99"]
[EventDate "2013.06.12"]
[EventType "swiss"]
[EventRounds "9"]
[EventCountry "RUS"]
[SourceTitle "EXT 2014"]
[Source "ChessBase"]
[SourceDate "2013.11.20"]
[SourceVersion "1"]
[SourceVersionDate "2013.11.20"]
[SourceQuality "1"]

1. e4 c5 2. Nf3 d6 3. d4 cxd4 4. Nxd4 Nf6 5. Nc3 g6 6. Be3 Bg7 7. f3 Nc6 8. Qd2 0-0 9. Bc4 Bd7 10. 0-0-0 Rb8 11. Kb1 b5 12. Nxc6 Bxc6 13. Bb3 a5 14. Nd5 e6 15. Nf4 Ne8 16. c3 b4 17. cxb4 Rxb4 18. Rc1 Bd7 19. Nd3 Rb8 20. Bh6 Bxh6 21. Qxh6 a4 22. Bd1 a3 23. b3 Qf6 24. Qd2 Bb5 25. Be2 Ng7 26. Rc2 Rfd8 27. Qc3 Qg5 28. g3 e5 29. f4 exf4 30. Nxf4 Bxe2 31. Rxe2 Rdc8 32. Qd2 Qe5 33. Rd1 Qb5 34. Nd5 Kh8 35. Rf2 Qe8 36. Nf6 Qe6 37. Rf3 Nf5 38. exf5 Qxf6 39. Qd4 Qxd4 40. Rxd4 gxf5 41. Ra4 Re8 42. Rf2 Re1+ 43. Kc2 Rc8+ 44. Kd3 Rd1+ 45. Rd2 Rf1 46. Rxa3 f4 47. gxf4 Rxf4 48. Ra6 d5 49. Rd6 d4 50. Rxd4 1-0

[Event "Yuzhny FO-ch op"]
[Site "Armavir"]
[Date "2011.03.14"]
[Round "3"]
[White "Bedia, Melor"]
[Black "Bondarev, Boris"]
[Result "1-0"]
[WhiteElo "2513"]
[BlackElo "2112"]
[PlyCount "69"]
[EventDate "2011.03.12"]
[EventType "swiss"]
[EventRounds "9"]
[EventCountry "RUS"]
[SourceTitle "CBM 141 Extra"]
[Source "ChessBase"]
[SourceDate "2011.05.03"]
[SourceVersion "1"]
[SourceVersionDate "2011.05.03"]
[SourceQuality "1"]

1. e4 e5 2. Nf3 Nc6 3. Bb5 Nf6 4. 0-0 Bc5 5. Bxc6 dxc6 6. d3 Bg4 7. h3 Bh5 8. Nbd2 Qe7 9. Nc4 0-0-0 10. Qe2 b5 11. Ne3 Bg6 12. Nh4 Nh5 13. Qg4+ Kb7 14. g3 Nf6 15. Qf3 Qd7 16. Kh2 h5 17. a4 Bh7 18. Nef5 Rdg8 19. axb5 g5 20. Ng2 g4 21. bxc6+ Qxc6 22. Qe2 Bxf5 23. exf5 gxh3 24. Nh4 Ng4+ 25. Kxh3 Bxf2 26. Rxf2 Nxf2+ 27. Qxf2 Qh1+ 28. Qh2 Qd1 29. Qg2+ Kc8 30. b3 e4 31. Bb2 Qg4+ 32. Kh2 Rh6 33. f6 Rhg6 34. Nxg6 Rxg6 35. Qh3 1-0

[Event "Dombai"]
[Site "Dombai"]
[Date "2010.12.25"]
[Round "5"]
[White "Bedia, Melor"]
[Black "Eryomenko, Volodymyr"]
[Result "1-0"]
[WhiteElo "2480"]
[BlackElo "2515"]
[PlyCount "61"]
[EventDate "2010.12.21"]
[EventType "swiss"]
[EventRounds "9"]
[EventCountry "RUS"]
[EventCategory "6"]
[SourceTitle "CBM 140 Extra"]
[Source "ChessBase"]
[SourceDate "2011.03.01"]
[SourceVersion "1"]
[SourceVersionDate "2011.03.01"]
[SourceQuality "1"]

1. d4 Nf6 2. Bg5 d6 3. Bxf6 exf6 4. e3 f5 5. g3 g6 6. Bg2 Bg7 7. Ne2 0-0 8. 0-0 c6 9. c4 Nd7 10. Nbc3 Nf6 11. Qc2 Re8 12. b4 Qe7 13. b5 Bd7 14. a4 Ne4 15. Rab1 h5 16. bxc6 bxc6 17. Rb7 Reb8 18. Rfb1 Rxb7 19. Rxb7 Nxc3 20. Qxc3 Qd8 21. Nf4 h4 22. gxh4 Bc8 23. Rb1 Qxh4 24. Bxc6 Qg4+ 25. Kf1 g5 26. Bxa8 gxf4 27. Rb8 fxe3 28. Rxc8+ Kh7 29. Qxe3 Bxd4 30. Qd3 Qf4 31. Qg3 1-0